000 00419nam a2200169Ia 4500
005 20250423095826.0
008 250422s9999 xx 000 0 und d
020 _a978-978-923-203-1
050 _aPN 63.127 .I44/
100 _aIle, Onyebuchi James
245 0 _aIntroduction to literary studies
260 _bEducation Network Nigeria
260 _c2012
300 _a91 p
650 _aLiterature
942 _cBK
999 _c31444
_d31444